Ventas : (Registro nro. 10298)

Detalles MARC
000 -LIDER
fixed length control field 01208nam a22003497a 4500
001 - NÚMERO DE CONTROL
Identificador de número de control 987
003 - IDENTIFICACDOR DE NÚMERO DE CONTROL
control field DO-SdBPM
005 - DATE AND TIME OF LATEST TRANSACTION
control field 20241118092026.0
008 - ELEMENTOS DE LONGITUD FIJA
fixed length control field 160607b2005 cl || 00| 0 spa d
020 ## - ISBN
International Standard Book Number 9586007030
040 ## - FUENTE DE CATALOGACIÓN
Agencia que crea de manera original el registro DO-SdBPM
Idioma de catalogación spa
Agencia que realiza la transcripción BPMSU
082 #4 - NÚMERO DE CLASIFICACIÓN DECIMAL DE DEWEY
Classification number 658.81
Edition number S792v 2005
Item number 22
100 1# - ASIENTO PRINCIPAL -- NOMBRE PERSONAL
Nombre personal Stanton, William J.
245 10 - MENCIÓN DE TITULO
Título Ventas :
Subtítulo conceptos, planificación y estrategias /
Mención de responsabilidad William J. Stanton, Richard H. Buskirk, Rosann L. Spiro ; traducción Alfredo Anton Moreno ; revisión técnica Jorge Cuadrado Valero.
250 ## - MENCIÓN DE EDICION
Mención de edición 9a. ed.
260 ## - PUBLICACIÓN, DISTRIBUCIÓN, ETC. (PIE DE IMPRENTA)
Lugar de publicación, distribución, etc McSanta Fe de Bogotá :
Nombre del editor, distribuidor, etc. Graw-Hill,
Fecha de publicación, distribución, etc 2005
300 ## - DESCRIPCIÓN FÍSICA
Extensión xxv, 536 p. :
Otros detalles físicos il., diagrs.,
Dimensiones 25 cm.
500 ## - NOTA GENERAL
Nota general Incluye índice.
534 ## - NOTA SOBRE LA VERSIÓN ORIGINAL
Frase introductoria Título original :
Mención del título original Management of a sales force.
590 ## - NOTA LOCAL
Texto de la nota local Inventariado, 2024/VM
650 #4 - ENCABEZAMIENTO DE MATERIA--TEMÁTICO
Término temático o nombre geográfico como elemento de entrada Ventas
650 ## - ENCABEZAMIENTO DE MATERIA--TEMÁTICO
Término temático o nombre geográfico como elemento de entrada Administración de ventas
650 #4 - ENCABEZAMIENTO DE MATERIA--TEMÁTICO
Término temático o nombre geográfico como elemento de entrada Planificación estratégica
650 #4 - ENCABEZAMIENTO DE MATERIA--TEMÁTICO
Término temático o nombre geográfico como elemento de entrada Mercadeo
650 #4 - ENCABEZAMIENTO DE MATERIA--TEMÁTICO
Término temático o nombre geográfico como elemento de entrada Vendedores y arte de vender
700 1# - ASIENTO SECUNDARIO -- NOMBRE PERSONAL
Nombre personal Buskirk, Richard Hobart,
Fechas asociadas con el nombre 1927-
700 1# - ASIENTO SECUNDARIO -- NOMBRE PERSONAL
Nombre personal Spiro, Rosann L
700 1# - ASIENTO SECUNDARIO -- NOMBRE PERSONAL
Nombre personal Anton Moreno, Alfredo,
Mención de responsabilidad traductor
710 2# - ASIENTO SECUNDARIO -- NOMBRE CORPORATIVO
Nombre corporativo o de jurisdicción Mc Granw Hill
910 ## - VALIDACIÓN
Validación VMateo V. Cotrol de calidad. BPMSU
942 ## - ADDED ENTRY ELEMENTS (KOHA)
Source of classification or shelving scheme Dewey Decimal Classification
Koha item type Libros
Existencias
Withdrawn status Lost status Source of classification or shelving scheme Damaged status Not for loan Collection code Home library Current library Date acquired Source of acquisition Total Checkouts Full call number Barcode Date last seen Price effective from Koha item type
    Dewey Decimal Classification     Colección General Biblioteca Pública Metropolitana Salomé Ureña Biblioteca Pública Metropolitana Salomé Ureña 06/07/2016 Doado por Laura García   BPMSU CG 658.81 S792c 2005 BPMSU16060087 06/07/2016 06/07/2016 Libros